000 00392nam a2200157Ia 4500
008 160316s1988 xxu||||| |||| 00| 0 eng d
082 _a994.040000
_bSOB
100 _aSoboul Albert
245 _aUnderstanding the French revolution
250 _a
260 _aLondon
_bMerlin Press Ltd.
_c1988
300 _a332p
_b
_c
365 _bRs.15
650 _a1. French Revolution
700 _a
_a
999 _c13570
_d13570